000 00384nam a22001697a 4500
005 20160701104902.0
008 160701b xxu||||| |||| 00| 0 eng d
020 _a978-0521-00268-4
041 _aeng
082 _b20223
100 _aMurphy
_93351
245 _aEssential english grammer
260 _bcombridge
_c2009
300 _a106
650 _aManagement
_9241
942 _cBK
999 _c5009
_d5007